| 000 | 00729nam a2200193 4500 | ||
|---|---|---|---|
| 008 | 180105b xxu||||| |||| 00| 0 eng d | ||
| 020 | _a0132243296 | ||
| 082 |
_21981 _aDC 338.88 _bV59 |
||
| 100 |
_925522 _aVernon, Raymond, author. |
||
| 245 |
_aEconomic environment of international business / _cRaymond Vernon, Louis T. Wells, Jr. |
||
| 250 | _aThird edition. | ||
| 260 |
_aEnglewood Cliffs, N.J. : _bPrentice-Hall, _c©1981. |
||
| 300 |
_ax, 246 pages : _billustrations ; _c23 cm. |
||
| 500 | _aIncludes bibliographies and index | ||
| 650 | 0 |
_925523 _aInternational business enterprises _xManagement |
|
| 650 | 0 |
_925524 _aInternational economic relations |
|
| 700 |
_925525 _aWells, Louis T., author. |
||
| 942 |
_2ddc _cDC |
||
| 999 |
_c8249 _d8249 |
||